| 000 | 00555nam a2200181Ia 4500 | ||
|---|---|---|---|
| 003 | GCL | ||
| 008 | 140319s9999 xx 000 0 ara d | ||
| 020 | _a2254114977 | ||
| 040 |
_aGCL / _cGCL |
||
| 082 | 0 | 4 |
_a823 _bهـ أ |
| 100 | 1 | _aهانسن ، جويس | |
| 245 | 1 | 0 |
_aالاسير / _cهانسن ، جويس |
| 260 |
_aالقاهرة : _bنهضة مصر للطباعة والنشر والتوزيع ، _c2004 |
||
| 300 |
_a190ص ؛ _c20سم |
||
| 650 | 0 | 4 | _aالادب الامريكى |
| 650 | 0 | 4 | _aالقصص الامريكية |
| 942 |
_2ddc _cBK |
||
| 999 |
_c7476 _d7476 |
||